Preaching the cross / (Record no. 8616)
[ view plain ]
| 000 -LEADER | |
|---|---|
| fixed length control field | 01476cam a2200301 a 4500 |
| 001 - CONTROL NUMBER | |
| control field | 14616011 |
| 003 - CONTROL NUMBER IDENTIFIER | |
| control field | GBCCL |
| 005 - DATE AND TIME OF LATEST TRANSACTION | |
| control field | 20241126110654.0 |
| 008 - FIXED-LENGTH DATA ELEMENTS--GENERAL INFORMATION | |
| fixed length control field | 061030s2007 ilu b 101 0 eng |
| 010 ## - | |
| -- | 2006035949 |
| 020 ## - INTERNATIONAL STANDARD BOOK NUMBER | |
| International Standard Book Number | 9781581348286 (hc : alk. paper) |
| 040 ## - CATALOGING SOURCE | |
| Original cataloging agency | DLC |
| Transcribing agency | DLC |
| Modifying agency | DLC |
| 050 00 - | |
| -- | BV4211.3 |
| -- | .P735 2007 |
| 082 00 - DEWEY DECIMAL CLASSIFICATION NUMBER | |
| Classification number | 251 |
| Edition information | 22 |
| Item number | PRE |
| 245 00 - TITLE STATEMENT | |
| Title | Preaching the cross / |
| Statement of responsibility, etc. | Mark Dever ... [et al.] ; contributions by John MacArthur, John Piper, R. C. Sproul. |
| 260 ## - PUBLICATION, DISTRIBUTION, ETC. | |
| Place of publication, distribution, etc. | Wheaton, Ill. : |
| Name of publisher, distributor, etc. | Crossway Books, |
| Date of publication, distribution, etc. | c2007. |
| 300 ## - PHYSICAL DESCRIPTION | |
| Extent | 176 p. ; |
| Dimensions | 24 cm. |
| 504 ## - BIBLIOGRAPHY, ETC. NOTE | |
| Bibliography, etc. note | Includes bibliographical references and indexes. |
| 505 0# - FORMATTED CONTENTS NOTE | |
| Formatted contents note | A real minister : 1 Corinthians 4 -- Preaching Christ from the Old Testament -- Preaching with the culture in view -- The center of Christian preaching : justification by faith -- Preaching as expository exultation for the glory of God -- The pastor's priorities : watch your life and doctrine -- Why I still preach the Bible after 40 years of ministry. |
| 630 00 - SUBJECT ADDED ENTRY--UNIFORM TITLE | |
| Uniform title | Bible |
| General subdivision | Homiletical use |
| Form subdivision | Congresses. |
| 9 (RLIN) | 15204 |
| 650 #0 - SUBJECT ADDED ENTRY--TOPICAL TERM | |
| Topical term or geographic name entry element | Preaching |
| Form subdivision | Congresses. |
| 9 (RLIN) | 15205 |
| 650 #0 - SUBJECT ADDED ENTRY--TOPICAL TERM | |
| Topical term or geographic name entry element | Pastoral theology |
| Form subdivision | Congresses. |
| 9 (RLIN) | 15206 |
| 700 1# - ADDED ENTRY--PERSONAL NAME | |
| Personal name | Dever, Mark. |
| 9 (RLIN) | 15207 |
| 856 41 - ELECTRONIC LOCATION AND ACCESS | |
| Materials specified | Table of contents only |
| Uniform Resource Identifier | <a href="http://www.loc.gov/catdir/toc/ecip074/2006035949.html">http://www.loc.gov/catdir/toc/ecip074/2006035949.html</a> |
| 906 ## - LOCAL DATA ELEMENT F, LDF (RLIN) | |
| a | 7 |
| b | cbc |
| c | orignew |
| d | 1 |
| e | ecip |
| f | 20 |
| g | y-gencatlg |
| 942 ## - ADDED ENTRY ELEMENTS (KOHA) | |
| Source of classification or shelving scheme | Dewey Decimal Classification |
| Koha item type | Books |
| Withdrawn status | Lost status | Source of classification or shelving scheme | Damaged status | Not for loan | Home library | Current Library | Shelving location | Date acquired | Total checkouts | Full call number | Barcode | Date last seen | Copy number | Price effective from | Koha item type |
|---|---|---|---|---|---|---|---|---|---|---|---|---|---|---|---|
| Dewey Decimal Classification | GRACE BIBLE COLLEGE | GRACE BIBLE COLLEGE | Ministry & Mission | 2021-05-06 | 251 PRE | 020258 | 2025-05-01 | c.1 | 2021-05-06 | Books |